MARC details
| 000 -LEADER |
| fixed length control field |
01466nam a2200253 a 4500 |
| 008 - FIXED-LENGTH DATA ELEMENTS--GENERAL INFORMATION |
| fixed length control field |
120416s1998 ||||||||||||||||| || u |
| 020 ## - INTERNATIONAL STANDARD BOOK NUMBER |
| International Standard Book Number |
8120316827 |
| 050 ## - LIBRARY OF CONGRESS CALL NUMBER |
| Classification number |
TK 7871.99.M44 Bak |
| 100 ## - MAIN ENTRY--PERSONAL NAME |
| Personal name |
Baker, R. Jacob |
| 245 10 - TITLE STATEMENT |
| Title |
CMOS: circuit design, layout, and simulation |
| Statement of responsibility, etc. |
by R. Jacob, Harry W. Li and David E. Boyce |
| 260 ## - PUBLICATION, DISTRIBUTION, ETC. |
| Place of publication, distribution, etc. |
New Delhi |
| Name of publisher, distributor, etc. |
FT Prentice-Hall |
| Date of publication, distribution, etc. |
1998 |
| 300 ## - PHYSICAL DESCRIPTION |
| Extent |
xxiv, 902p.: ill. |
| 350 ## - |
| -- |
0.00 |
| 490 ## - |
| -- |
IEEE Press series on microelectronic systems |
| 650 ## - SUBJECT ADDED ENTRY--TOPICAL TERM |
| Topical term or geographic name entry element |
CIRCUITS |
| 650 ## - SUBJECT ADDED ENTRY--TOPICAL TERM |
| Topical term or geographic name entry element |
CIRCUIT DESIGN |
| 650 ## - SUBJECT ADDED ENTRY--TOPICAL TERM |
| Topical term or geographic name entry element |
CMOS |
| 700 ## - ADDED ENTRY--PERSONAL NAME |
| Personal name |
Li, Harry W, Boyce, David E |
| 995 ## - |
| -- |
ANNEX COLLECTION (Main Library) |
| -- |
0.00 |
| -- |
738834 |
| -- |
CBU-MAIN LIBRARY (Kitwe) |
| -- |
1 |
| -- |
48.00 |
| -- |
TK 7871.99.M44 Bak |
| -- |
5 |
| -- |
AVAILABLE |
| -- |
Oct 20, 2008 |
| -- |
738834 |
| -- |
Annex Low-Usage Collection |
| 995 ## - |
| -- |
MAIN LIBRARY OPEN ACCESS |
| -- |
0.00 |
| -- |
732792 |
| -- |
CBU-MAIN LIBRARY (Kitwe) |
| -- |
1 |
| -- |
48.00 |
| -- |
TK 7871.99.M44 BAK |
| -- |
1 |
| -- |
AVAILABLE |
| -- |
44438 |
| -- |
Main Library Open Access Collection |
| 995 ## - |
| -- |
ANNEX COLLECTION (Main Library) |
| -- |
0.00 |
| -- |
738833 |
| -- |
CBU-MAIN LIBRARY (Kitwe) |
| -- |
1 |
| -- |
48.00 |
| -- |
TK 7871.99.M44 BAK |
| -- |
4 |
| -- |
AVAILABLE |
| -- |
Oct 20, 2008 |
| -- |
738833 |
| -- |
Annex Low-Usage Collection |
| 995 ## - |
| -- |
ANNEX COLLECTION (Main Library) |
| -- |
0.00 |
| -- |
732794 |
| -- |
CBU-MAIN LIBRARY (Kitwe) |
| -- |
2 |
| -- |
48.00 |
| -- |
TK 7871.99.M44 BAK |
| -- |
2 |
| -- |
AVAILABLE |
| -- |
44439 |
| -- |
Annex Low-Usage Collection |
| 995 ## - |
| -- |
ANNEX COLLECTION (Main Library) |
| -- |
0.00 |
| -- |
732793 |
| -- |
CBU-MAIN LIBRARY (Kitwe) |
| -- |
3 |
| -- |
48.00 |
| -- |
TK 7871.99.M44 BAK |
| -- |
3 |
| -- |
AVAILABLE |
| -- |
44440 |
| -- |
Annex Low-Usage Collection |
| 999 ## - |
| -- |
79421 |
| -- |
79421 |